Advanced research methodology, 2V (Record no. 3381)

MARC details
000 -LEADER
fixed length control field 00492nam a2200169Ia 4500
008 - FIXED-LENGTH DATA ELEMENTS--GENERAL INFORMATION
fixed length control field 230917s9999||||xx |||||||||||||| ||und||
020 ## - ISBN
Price RS 3000.00 (set of 2 vol.)
040 ## - CATALOGING SOURCE
-- 5000341
Original cataloging agency VIVEKANANDA LIBRARY
041 ## - Language
-- English
082 ## - DDC NUMBER
Classification number 300.72 B469A
100 ## - MAIN ENTRY--PERSONAL NAME
Personal name Bhalla, Ranjit Kaur
245 #0 - TITLE STATEMENT
Title Advanced research methodology, 2V
260 ## - PUBLICATION, DISTRIBUTION, ETC. (IMPRINT)
Place of publication, distribution, etc New Delhi
Name of publisher, distributor, etc Kanishka Publishers, Distributors
Date of publication, distribution, etc 2019
300 ## - PHYSICAL DESCRIPTION
Pages v. p.
500 ## - GENERAL NOTE
General note 4177 23/11/2021 KDP21/437 23/11/2021 Main Budget
942 ## - ADDED ENTRY ELEMENTS (KOHA)
Koha item type Books
Holdings
Withdrawn status Lost status Damaged status Not for loan Location (home branch) Sublocation or collection (holding branch) Date acquired Koha issues (times borrowed) Koha full call number Accession No. Koha date last seen Koha item type
        VIVEKANANDA LIBRARY VIVEKANANDA LIBRARY 18/12/2021   300.72 B469A 397734 17/09/2023 Books
        VIVEKANANDA LIBRARY VIVEKANANDA LIBRARY 18/12/2021   300.72 B469A 397735 17/09/2023 Books
© Designed and Maintained by Vivekananda Library, MDU Rohtak